[Event "BCF-chT3Sb 1617 (4NCL)"]
[Site "England"]
[Date "2017.02.11"]
[Round "5.81"]
[White "Forster, Matthew"]
[Black "Reynolds, D Ian W"]
[Result "1-0"]
[WhiteElo "1915"]
[BlackElo "2020"]
[PlyCount "65"]
[EventDate "2016.11.26"]
[EventType "team-tourn"]
[EventRounds "11"]
[EventCountry "ENG"]
[SourceTitle "EXT 2019"]
[Source "ChessBase"]
[SourceDate "2018.10.10"]
[SourceVersion "1"]
[SourceVersionDate "2018.10.10"]
[SourceQuality "1"]
[WhiteTeam "Sussex Martlets II"]
[BlackTeam "Iceni"]
[WhiteTeamCountry "ENG"]
[BlackTeamCountry "ENG"]

1. c4 e5 2. g3 Nf6 3. Bg2 c6 4. d4 exd4 5. Qxd4 Na6 6. Nf3 Bc5 7. Qe5+ Qe7 8. Qxe7+ Bxe7 9. Nc3 d5 10. cxd5 Nb4 11. 0-0 Nbxd5 12. Nd4 0-0 13. e4 Nxc3 14. bxc3 Rd8 15. Rb1 h6 16. h3 Nh7 17. Re1 c5 18. Nb5 a6 19. Nc7 Ra7 20. Nd5 Bf8 21. Bf4 b5 22. h4 Be6 23. c4 bxc4 24. Rec1 f5 25. Nc7 Bf7 26. exf5 Nf6 27. Ne6 Re8 28. Bb8 Bxe6 29. Bxa7 Bxf5 30. Rb8 Bd6 31. Rxe8+ Nxe8 32. Bd5+ Kh7 33. Bxc4 1-0

[Event "Wch Seniors 65 26th"]
[Site "Marianske Lazne"]
[Date "2016.11.26"]
[Round "7"]
[White "Reynolds, D Ian W"]
[Black "Patola, Eero"]
[Result "1/2-1/2"]
[WhiteElo "2040"]
[BlackElo "1862"]
[PlyCount "63"]
[EventDate "2016.11.19"]
[EventType "swiss"]
[EventRounds "11"]
[EventCountry "CZE"]
[SourceTitle "CBM 175 Extra"]
[Source "ChessBase"]
[SourceDate "2016.12.12"]
[SourceVersion "1"]
[SourceVersionDate "2016.12.12"]
[SourceQuality "1"]

1. e4 d5 2. exd5 Qxd5 3. Nc3 Qa5 4. Bc4 Nf6 5. d3 c6 6. Bd2 Qc7 7. Qe2 Nbd7 8. a3 Qe5 9. Nf3 Qxe2+ 10. Kxe2 Nb6 11. Bb3 Bg4 12. h3 Bxf3+ 13. Kxf3 e6 14. Rhe1 Bd6 15. Ne4 Nxe4 16. dxe4 Nd7 17. Bc3 Be5 18. Bxe5 Nxe5+ 19. Ke3 Rd8 20. Rad1 Ke7 21. f4 Nd7 22. c3 Nb6 23. g4 Rxd1 24. Rxd1 Rd8 25. Rf1 f6 26. h4 h6 27. Rh1 Nd7 28. Rd1 Nc5 29. Rxd8 Kxd8 30. Ba2 Ke7 31. b4 Nd7 32. Bc4 1/2-1/2

[Event "Wch Seniors 65 26th"]
[Site "Marianske Lazne"]
[Date "2016.11.24"]
[Round "6"]
[White "Novak, Jaromir"]
[Black "Reynolds, D Ian W"]
[Result "1/2-1/2"]
[WhiteElo "1843"]
[BlackElo "2040"]
[PlyCount "37"]
[EventDate "2016.11.19"]
[EventType "swiss"]
[EventRounds "11"]
[EventCountry "CZE"]
[SourceTitle "CBM 175 Extra"]
[Source "ChessBase"]
[SourceDate "2016.12.12"]
[SourceVersion "1"]
[SourceVersionDate "2016.12.12"]
[SourceQuality "1"]

1. d4 Nf6 2. c4 e6 3. Nf3 b6 4. g3 Ba6 5. Qc2 Bb7 6. Bg2 c5 7. 0-0 cxd4 8. Nxd4 Bxg2 9. Kxg2 Bc5 10. Nf3 d5 11. Bg5 Be7 12. cxd5 Nxd5 13. Bxe7 Qxe7 14. Qc8+ Qd8 15. Qxd8+ Kxd8 16. e4 Nf6 17. Nc3 Nc6 18. Rfd1+ Ke7 19. Nd4 1/2-1/2

[Event "Wch Seniors 65 26th"]
[Site "Marianske Lazne"]
[Date "2016.11.19"]
[Round "1"]
[White "Reynolds, D Ian W"]
[Black "Horak, Miroslav1111"]
[Result "1-0"]
[WhiteElo "2040"]
[BlackElo "1686"]
[PlyCount "53"]
[EventDate "2016.11.19"]
[EventType "swiss"]
[EventRounds "11"]
[EventCountry "CZE"]
[SourceTitle "CBM 175 Extra"]
[Source "ChessBase"]
[SourceDate "2016.12.12"]
[SourceVersion "1"]
[SourceVersionDate "2016.12.12"]
[SourceQuality "1"]

1. e4 c5 2. c3 Nf6 3. e5 Nd5 4. Nf3 e6 5. d4 cxd4 6. cxd4 Nc6 7. Bc4 Bb4+ 8. Nbd2 Nde7 9. a3 Bxd2+ 10. Bxd2 d6 11. 0-0 dxe5 12. dxe5 Qc7 13. Qe2 0-0 14. Rac1 Bd7 15. Rfe1 Rac8 16. Bd3 Qb8 17. Qe4 Ng6 18. h4 Nce7 19. h5 Bc6 20. Rxc6 Rxc6 21. Bb4 f5 22. exf6 Rxf6 23. Bxe7 Rf4 24. hxg6 Rxe4 25. Bxe4 Rb6 26. gxh7+ Kf7 27. Ne5+ 1-0

[Event "WLS-ch Seniors 2nd"]
[Site "Penarth"]
[Date "2016.08.28"]
[Round "3"]
[White "Van Kemenade, Rudy"]
[Black "Reynolds, D Ian W"]
[Result "1/2-1/2"]
[WhiteElo "1997"]
[BlackElo "2030"]
[PlyCount "133"]
[EventDate "2016.08.27"]
[EventType "swiss"]
[EventRounds "5"]
[EventCountry "WLS"]
[SourceTitle "EXT 2018"]
[Source "ChessBase"]
[SourceDate "2017.10.13"]
[SourceVersion "1"]
[SourceVersionDate "2017.10.13"]
[SourceQuality "1"]

1. e4 e5 2. Nf3 Nc6 3. Bb5 a6 4. Ba4 Nf6 5. 0-0 Be7 6. Re1 b5 7. Bb3 0-0 8. d3 d6 9. c3 Na5 10. Bc2 c5 11. Nbd2 Nc6 12. Nf1 Re8 13. h3 Bf8 14. a4 b4 15. Ng3 g6 16. d4 bxc3 17. bxc3 cxd4 18. cxd4 Nb4 19. Bb1 Qc7 20. d5 a5 21. Ra3 Ba6 22. Bd2 Rab8 23. Rc3 Qb7 24. Qc1 Rec8 25. Ree3 Bh6 26. Rxc8+ Rxc8 27. Rc3 Rxc3 28. Qxc3 Bxd2 29. Nxd2 Nd7 30. Nb3 Qb6 31. Nf1 Nc5 32. Nxc5 Qxc5 33. Qxc5 dxc5 34. Ne3 Kf8 35. f3 Ke7 36. Kf2 Kd6 37. Ke1 h5 38. h4 f6 39. Kd2 c4 40. Kc3 Kc5 41. g4 Nd3 42. Bxd3 cxd3 43. gxh5 gxh5 44. Nf1 Bc8 45. Nd2 Bd7 46. Nc4 Bxa4 47. Nxa5 Bd1 48. Nb3+ Kd6 49. Nd2 Be2 50. Nc4+ Kc5 51. Ne3 Bxf3 52. Kxd3 Kd6 53. Nf5+ Kd7 54. Ng3 Bg4 55. Kc4 Kd6 56. Kb5 Bf3 57. Kc4 Bg4 58. Kd3 f5 59. exf5 Kxd5 60. Ke3 Kd6 61. Ke4 Bd1 62. Nf1 Bc2+ 63. Ke3 Bxf5 64. Ng3 Bg6 65. Ne2 Kd5 66. Ng3 Ke6 67. Kf3 1/2-1/2

[Event "Wch Seniors 65 24th"]
[Site "Katerini"]
[Date "2014.11.03"]
[Round "10"]
[White "Reynolds, D Ian W"]
[Black "Danielsson, Robert"]
[Result "1-0"]
[WhiteElo "2006"]
[BlackElo "2115"]
[PlyCount "105"]
[EventDate "2014.10.24"]
[EventType "swiss"]
[EventRounds "11"]
[EventCountry "GRE"]
[SourceTitle "EXT 2015"]
[Source "ChessBase"]
[SourceDate "2014.11.20"]
[SourceVersion "1"]
[SourceVersionDate "2014.11.20"]
[SourceQuality "1"]

1. e4 c5 2. c3 g6 3. Nf3 Bg7 4. d4 cxd4 5. cxd4 d5 6. exd5 Nf6 7. Bb5+ Nbd7 8. Nc3 0-0 9. 0-0 Nb6 10. Re1 a6 11. Bd3 Nbxd5 12. Qb3 h6 13. Re5 Nb6 14. Bxg6 Nfd5 15. Nxd5 Be6 16. Qxb6 Bxd5 17. Qxd8 Rfxd8 18. Bh5 Bxe5 19. Nxe5 Kg7 20. Be3 f5 21. Nd3 b6 22. Nf4 Rac8 23. Nxd5 Rxd5 24. Bf3 Rd7 25. d5 b5 26. h4 Rc4 27. g3 Rd8 28. b3 Rc2 29. b4 Rc4 30. Bc5 Rd7 31. a4 a5 32. axb5 axb4 33. Be3 b3 34. Rb1 Rb4 35. b6 Kh7 36. Rb2 Kg7 37. Bc5 Rb5 38. Be3 Rb4 39. Kf1 Rb5 40. Ke2 e6 41. dxe6 Re7 42. b7 Rxe6 43. Kd3 Re7 44. Kc4 Rexb7 45. Bxb7 Rxb7 46. Rxb3 Rc7+ 47. Kd5 Re7 48. Rb6 h5 49. Bd4+ Kh7 50. Be5 Re8 51. Rb7+ Kh6 52. Rb6+ Kh7 53. Rf6 1-0